000 01111nam a2200361 a 4500
003 AR-BaBNM
005 20251128210618.0
008 082120s2002 ||||||||||||||000 | spa||
040 _cAR-BaBNM
100 1 _aTena Artigas, Antonio
245 0 0 _aLa educación en el plan de desarrollo
260 _aMadrid
_bGredos
_c1966
300 _a95 p.
_btablas
500 _aEste trabajo da cuenta de las acciones realizadas en el marcode la implementación del Primer Plan de Desarrollo Económico y Social de España
650 4 _aORGANIZACION DE LA EDUCACION
650 4 _aHISTORIA DE LA EDUCACION
650 4 _aPOLITICA EDUCATIVA
650 4 _aUNIVERSIDADES
650 4 _aOBJETIVOS EDUCACIONALES
650 4 _aDATOS ESTADISTICOS
650 4 _aEDUCACION ARTISTICA
650 4 _aANALFABETISMO
651 4 _aEspaña
653 _aINFORMACION EDUCATIVA
653 _aPLANEAMIENTO EDUCATIVO
653 _aEDUCACION PRIMARIA
653 _aNIVEL MEDIO
653 _aFORMACION LABORAL
653 _aEDUCACION SUPERIOR
653 _aFINANCIAMIENTO EDUCATIVO
942 _cBK
998 _cRaquel
999 _c16176
_d16176